Corporate Accounting (Record no. 33949)

MARC details
000 -LEADER
fixed length control field 00480nam a2200193Ia 4500
008 - FIXED-LENGTH DATA ELEMENTS--GENERAL INFORMATION
fixed length control field 220531s9999 xx 000 0 und d
041 ## - LANGUAGE CODE
Language code of text/sound track or separate title eng
082 ## - DEWEY DECIMAL CLASSIFICATION NUMBER
Item number MAH / KUL
100 ## - MAIN ENTRY--PERSONAL NAME
Personal name Mahajan, S. / Kulkarni, M.
9 (RLIN) 59328
245 ## - TITLE STATEMENT
Title Corporate Accounting
250 ## - EDITION STATEMENT
Edition statement 1ST
260 ## - PUBLICATION, DISTRIBUTION, ETC. (IMPRINT)
Place of publication, distribution, etc. Pune
Name of publisher, distributor, etc. Nirali
Date of publication, distribution, etc. 2014
300 ## - PHYSICAL DESCRIPTION
Extent 8.32
542 ## - INFORMATION RELATING TO COPYRIGHT STATUS
Copyright holder 03-07-2014
551 ## -
-- Commerce
-- Non-grant--C
650 ## - SUBJECT ADDED ENTRY--TOPICAL TERM
Topical term or geographic name as entry element commerce
9 (RLIN) 59329
906 ## - LOCAL DATA ELEMENT F, LDF (RLIN)
d 2014-2015
f 169
Holdings
Withdrawn status Lost status Source of classification or shelving scheme Damaged status Not for loan Collection code Home library Current library Date acquired Vendor Cost, normal purchase price Total Checkouts Total Holds Full call number Barcode Date last seen Bill Date Koha item type Original Barcode
Withdrawn   Dewey Decimal Classification       Shri Siddhivinayak Mahila Mahavidyalaya Shri Siddhivinayak Mahila Mahavidyalaya 07/07/2014 Nirali 340.00   20 /MAH / KUL/B/14951 SSMM-BK-14951 06/08/2022 06/08/2022 Books 010014951